[Event "World Junior Chess Championship U18 b"]
[Site "Gaziantep"]
[Date "2008.08.12"]
[Round "10.8"]
[White "Gupta, Abhijeet"]
[Black "Sanikidze, Tornike"]
[Result "1-0"]
[WhiteElo "2551"]
[BlackElo "2486"]
[PlyCount "79"]
[EventDate "2008.08.??"]
[EventType "swiss"]
[EventRounds "13"]
[EventCountry "TUR"]

1. d4 Nf6 2. c4 e6 3. Nf3 d5 4. g3 Be7 5. Bg2 O-O 6. O-O dxc4 7. Qc2 a6 8. Qxc4
b5 9. Qc2 Bb7 10. Bd2 Bd6 11. Nc3 Nbd7 12. Rfd1 c5 13. Bg5 Qb6 14. a4 b4 15. a5
Qc7 16. Bxf6 Nxf6 17. Na4 Rac8 18. dxc5 Bxc5 19. Qxc5 Qxc5 20. Nxc5 Rxc5 21.
Rd4 Rb5 22. Ra4 b3 23. Rdb4 Nd5 24. Rxb5 axb5 25. Ra3 b4 26. Rxb3 f5 27. Ne5
Rc8 28. f4 Rc1+ 29. Kf2 Ra1 30. Bxd5 Bxd5 31. Rxb4 g5 32. Rb8+ Kg7 33. b4 g4
34. Rd8 h5 35. Ke3 h4 36. gxh4 Rh1 37. a6 Rxh2 38. Rxd5 exd5 39. a7 Rh3+ 40.
Nf3 1-0

[Event "World Junior Chess Championship U18 b"]
[Site "Gaziantep"]
[Date "2008.08.12"]
[Round "10.9"]
[White "Borus, Denes"]
[Black "Popov, Ivan"]
[Result "1-0"]
[WhiteElo "2472"]
[BlackElo "2549"]
[PlyCount "48"]
[EventDate "2008.08.??"]
[EventType "swiss"]
[EventRounds "13"]
[EventCountry "TUR"]

1. c4 c6 2. e4 d5 3. exd5 Nf6 4. Nc3 cxd5 5. cxd5 Nxd5 6. Nf3 Nc6 7. Bb5 Nxc3
8. bxc3 g6 9. O-O Bg7 10. Re1 O-O 11. a4 Re8 12. d4 Bd7 13. Ng5 h6 14. Ne4 a6
15. Bc4 Na5 16. Ba2 e6 17. Nd6 Re7 18. Qg4 Be8 19. Ba3 Rd7 20. Rxe6 h5 21.
Rxe8+ Qxe8 22. Qxg6 Rxd6 23. Bxd6 b6 24. Be5 b5 1-0

[Event "World Junior Chess Championship U18 b"]
[Site "Gaziantep"]
[Date "2008.08.12"]
[Round "10.10"]
[White "Ramirez, Alejandro"]
[Black "Can, Emre"]
[Result "1-0"]
[WhiteElo "2531"]
[BlackElo "2460"]
[PlyCount "103"]
[EventDate "2008.08.??"]
[EventType "swiss"]
[EventRounds "13"]
[EventCountry "TUR"]

1. d4 Nf6 2. c4 e6 3. Nc3 d5 4. cxd5 exd5 5. Bg5 Be7 6. e3 Nbd7 7. Bd3 O-O 8.
Nf3 c6 9. Qc2 Re8 10. O-O Nf8 11. h3 Be6 12. Ne5 N6d7 13. Bxe7 Qxe7 14. f4 f6
15. Nf3 Nb6 16. Rae1 Rad8 17. Qf2 Bf7 18. Nh4 Nc8 19. g4 Nd6 20. Kh1 Qc7 21.
Qg2 Ng6 22. Nf3 c5 23. f5 Ne7 24. Nb5 Nxb5 25. Bxb5 Rf8 26. dxc5 Qxc5 27. Nd4
a6 28. Ba4 Qd6 29. g5 fxg5 30. Qxg5 Qf6 31. Qxf6 gxf6 32. Rc1 Rc8 33. Bd7 Rxc1
34. Rxc1 Rb8 35. Rc7 Kf8 36. Kg2 Be8 37. Bxe8 Kxe8 38. Kf3 Kd8 39. Ne6+ Ke8 40.
Kg4 b6 41. Nd4 Rc8 42. Rb7 b5 43. Rb6 Kf7 44. Rxa6 Rc1 45. Rb6 Re1 46. Kf3 Rh1
47. Kg2 Re1 48. Kf2 Rh1 49. Rxb5 Rxh3 50. a4 Nc8 51. Rb7+ Ke8 52. a5 1-0

[Event "World Junior Chess Championship U18 b"]
[Site "Gaziantep"]
[Date "2008.08.12"]
[Round "10.11"]
[White "Mamedov, Rauf"]
[Black "Lin, Chen"]
[Result "1-0"]
[WhiteElo "2627"]
[BlackElo "2417"]
[PlyCount "63"]
[EventDate "2008.08.??"]
[EventType "swiss"]
[EventRounds "13"]
[EventCountry "TUR"]

1. e4 c5 2. Nf3 e6 3. d4 cxd4 4. Nxd4 a6 5. Nc3 Qc7 6. g3 Nf6 7. Bg2 Nc6 8. O-O
Be7 9. Re1 d6 10. Nxc6 bxc6 11. e5 dxe5 12. Rxe5 Bb7 13. Bf4 Bd6 14. Rxe6+ fxe6
15. Bxd6 Qd7 16. Ba3 Qxd1+ 17. Rxd1 Rd8 18. Re1 Kd7 19. Na4 Kc7 20. Nc5 Bc8 21.
Bb4 Rd4 22. Ba5+ Kd6 23. Nd3 c5 24. b3 Rd5 25. f4 Rg8 26. Ne5 g5 27. Bxd5 exd5
28. Nf7+ Kc6 29. Nxg5 d4 30. c4 h6 31. Nf7 h5 32. Re7 1-0

[Event "World Junior Chess Championship U18 b"]
[Site "Gaziantep"]
[Date "2008.08.12"]
[Round "10.12"]
[White "Hammer, Jon Ludvig"]
[Black "Lenic, Luka"]
[Result "1/2-1/2"]
[WhiteElo "2494"]
[BlackElo "2584"]
[PlyCount "92"]
[EventDate "2008.08.??"]
[EventType "swiss"]
[EventRounds "13"]
[EventCountry "TUR"]

1. e4 e5 2. Nf3 Nc6 3. Bb5 a6 4. Ba4 Nf6 5. O-O b5 6. Bb3 Bb7 7. d3 Be7 8. Nc3
O-O 9. Bd2 d6 10. Nd5 Nxd5 11. Bxd5 Qd7 12. c3 Nd8 13. a4 c6 14. Ba2 c5 15. Be3
Ne6 16. axb5 axb5 17. b4 cxb4 18. cxb4 Bf6 19. Bb3 d5 20. Rxa8 Rxa8 21. d4 exd4
22. Nxd4 Bxd4 23. Bxd4 dxe4 24. Bb2 Qxd1 25. Rxd1 Rd8 26. Rxd8+ Nxd8 27. Kf1
Kf8 28. Ke2 f6 29. Ke3 Ke7 30. Bc2 Ke6 31. Bxe4 Bxe4 32. Kxe4 Nc6 33. Bc3 h5
34. f3 h4 35. g4 hxg3 36. hxg3 g6 37. g4 f5+ 38. Kf4 Ne7 39. Kg5 fxg4 40. fxg4
Kf7 41. Bd4 Nd5 42. Bc5 Nc7 43. Kf4 Ke6 44. Kg5 Kf7 45. Kf4 Ke6 46. Kg5 Kf7
1/2-1/2

[Event "World Junior Chess Championship U18 b"]
[Site "Gaziantep"]
[Date "2008.08.12"]
[Round "10.13"]
[White "Le Quang, Liem"]
[Black "Sirin, Atakan"]
[Result "1-0"]
[WhiteElo "2577"]
[BlackElo "2107"]
[PlyCount "81"]
[EventDate "2008.08.??"]
[EventType "swiss"]
[EventRounds "13"]
[EventCountry "TUR"]

1. Nf3 d5 2. d4 Nf6 3. c4 e6 4. Nc3 Nbd7 5. Qc2 c6 6. Bg5 Qa5 7. Nd2 Bb4 8. a3
O-O 9. e3 Re8 10. Be2 e5 11. O-O Bd6 12. cxd5 cxd5 13. Nb5 Bb8 14. Rac1 exd4
15. Nxd4 Ne4 16. Nxe4 dxe4 17. Bh4 Nf8 18. Rfd1 Bd7 19. Nb3 Qb6 20. Nc5 Bf5 21.
Rd5 Be5 22. Bg3 Ng6 23. Bc4 Qf6 24. Nd7 Bxd7 25. Rxd7 Re7 26. Bxe5 Qxe5 27.
Rxe7 Qxe7 28. Bd5 Re8 29. Qb3 b6 30. Rc4 Ne5 31. Rxe4 Qc7 32. g3 Nf3+ 33. Kg2
Ne1+ 34. Kf1 Rd8 35. Kxe1 Qc1+ 36. Ke2 Kh8 37. Qc3 Qb1 38. Rd4 Qf5 39. Be4 Qh5+
40. Bf3 Qb5+ 41. Ke1 1-0

[Event "World Junior Chess Championship U18 b"]
[Site "Gaziantep"]
[Date "2008.08.12"]
[Round "10.14"]
[White "Karthikeyan, Pandian"]
[Black "Kravtsiv, Martyn"]
[Result "1/2-1/2"]
[WhiteElo "2402"]
[BlackElo "2555"]
[PlyCount "52"]
[EventDate "2008.08.??"]
[EventType "swiss"]
[EventRounds "13"]
[EventCountry "TUR"]

1. Nf3 Nf6 2. c4 e6 3. g3 d5 4. Bg2 Be7 5. d4 O-O 6. O-O dxc4 7. Qc2 a6 8. Qxc4
b5 9. Qc2 Bb7 10. Bd2 Nbd7 11. Ba5 Ra7 12. Nbd2 Qa8 13. b4 Ne4 14. Nxe4 Bxe4
15. Ne1 Bxc2 16. Bxa8 Bg6 17. Bc6 Nb6 18. Nf3 Nc4 19. Ne5 Nxa5 20. bxa5 Ba3 21.
e4 Rd8 22. Nxg6 hxg6 23. d5 exd5 24. exd5 Bb4 25. a4 Bxa5 26. axb5 axb5 1/2-1/2

[Event "World Junior Chess Championship U18 b"]
[Site "Gaziantep"]
[Date "2008.08.12"]
[Round "10.15"]
[White "Arun, Prasad Subramanian"]
[Black "Laznicka, Viktor"]
[Result "1/2-1/2"]
[WhiteElo "2492"]
[BlackElo "2601"]
[PlyCount "156"]
[EventDate "2008.08.??"]
[EventType "swiss"]
[EventRounds "13"]
[EventCountry "TUR"]

1. d4 d5 2. c4 c6 3. Nf3 Nf6 4. e3 a6 5. Nbd2 Bf5 6. Nh4 Be4 7. f3 Bg6 8. Qb3
Qc7 9. Nxg6 hxg6 10. e4 e6 11. g3 dxe4 12. Nxe4 Nxe4 13. fxe4 e5 14. Be3 exd4
15. Bxd4 Nd7 16. O-O-O Nc5 17. Qc3 Ne6 18. Be5 Bb4 19. Bxc7 Bxc3 20. Bb6 Bb4
21. Bg2 a5 22. h4 Bc5 23. Bxc5 Nxc5 24. Kc2 Rh5 25. Rd4 Re5 26. Rhd1 g5 27. Bf3
gxh4 28. gxh4 g6 29. Rh1 Ke7 30. h5 gxh5 31. Rxh5 Rxh5 32. Bxh5 Rh8 33. Bg4
Rh2+ 34. Rd2 Rxd2+ 35. Kxd2 Nxe4+ 36. Ke3 Nf6 37. Bc8 b6 38. a3 c5 39. Kf4 Ne8
40. Bg4 Nd6 41. Be2 Ke6 42. a4 Ne8 43. Bg4+ Kd6 44. Bh5 Ke6 45. Bg4+ Kf6 46.
Ke4 Nc7 47. Bd7 Ke7 48. Bg4 Ne6 49. Kd5 Nd4 50. Bh3 Kf6 51. Bg4 Kg5 52. Bd1 Kf4
53. Kd6 f5 54. Kc7 Ke3 55. Kxb6 Kd2 56. Kxc5 Ne6+ 57. Kd6 Kxd1 58. b4 axb4 59.
a5 b3 60. a6 b2 61. a7 b1=Q 62. a8=Q Qb6+ 63. Ke5 f4 64. Qd5+ Ke2 65. c5 Nxc5
66. Qg2+ Ke3 67. Qg1+ Kd3 68. Qd1+ Kc3 69. Qc1+ Kb4 70. Qxf4+ Kb5 71. Qf1+ Ka5
72. Qe1+ Ka6 73. Qf1+ Ka7 74. Qf7+ Nb7 75. Qa2+ Kb8 76. Qg8+ Nd8 77. Qc4 Nc6+
78. Ke4 Qb1+ 1/2-1/2

[Event "World Junior Chess Championship U18 b"]
[Site "Gaziantep"]
[Date "2008.08.12"]
[Round "10.16"]
[White "Geetha, Narayanan Gopal"]
[Black "Ronchetti, Niccolo"]
[Result "1-0"]
[WhiteElo "2572"]
[BlackElo "2434"]
[PlyCount "75"]
[EventDate "2008.08.??"]
[EventType "swiss"]
[EventRounds "13"]
[EventCountry "TUR"]

1. e4 c5 2. Nf3 Nc6 3. Nc3 g6 4. d4 cxd4 5. Nxd4 Bg7 6. Be3 Nf6 7. Bc4 O-O 8.
Bb3 a5 9. O-O a4 10. Nxa4 Nxe4 11. Nb5 Ra6 12. f3 Nf6 13. c4 Na5 14. Nac3 d6
15. Qe2 Nxb3 16. axb3 d5 17. Rad1 e6 18. Kh1 Re8 19. Bf4 Rc6 20. Rfe1 h6 21.
Qf2 Kh7 22. Be5 Rg8 23. Qd4 Qe7 24. Na7 Ra6 25. b4 dxc4 26. b5 Ra5 27. Qb6 Nd7
28. Nxc8 Rxc8 29. Rxd7 Qxd7 30. Qxa5 Qd2 31. Qa1 Ra8 32. Qb1 Bxe5 33. Rxe5 Qd3
34. Re1 e5 35. Rd1 Qxb1 36. Rxb1 Rd8 37. Rd1 Rd4 38. Kg1 1-0

[Event "World Junior Chess Championship U18 b"]
[Site "Gaziantep"]
[Date "2008.08.12"]
[Round "10.17"]
[White "Baratosi, Daniel"]
[Black "Amin, Bassem"]
[Result "0-1"]
[WhiteElo "2433"]
[BlackElo "2561"]
[PlyCount "128"]
[EventDate "2008.08.??"]
[EventType "swiss"]
[EventRounds "13"]
[EventCountry "TUR"]

1. e4 e5 2. Nf3 Nc6 3. d4 exd4 4. Nxd4 Nf6 5. Nxc6 bxc6 6. e5 Qe7 7. Qe2 Nd5 8.
c4 Ba6 9. b3 g6 10. f4 Qb4+ 11. Bd2 Qb6 12. Qf3 Nb4 13. Kd1 Bb7 14. Nc3 c5 15.
Qe3 Qe6 16. Nb5 Na6 17. Kc2 Bg7 18. Bc3 O-O 19. Bd3 f5 20. Rae1 Rae8 21. Qf2
Qf7 22. a3 Re6 23. Rhf1 d6 24. g4 fxg4 25. f5 gxf5 26. Bxf5 Bf3 27. Bxe6 Qxe6
28. Qe3 Re8 29. Qg5 d5 30. cxd5 Qxd5 31. Rxf3 gxf3 32. Rg1 Qe4+ 33. Kb2 Qg6 34.
Qe3 Qe6 35. Qxf3 Kh8 36. Qg3 Re7 37. Rd1 Re8 38. Rg1 Re7 39. h4 Nb8 40. Qf3 Nc6
41. Qg4 Qxg4 42. Rxg4 a6 43. Ra4 Nb8 44. Na7 Bxe5 45. Rg4 h6 46. Kc2 Kh7 47.
Rc4 Bxc3 48. Kxc3 Re5 49. b4 Nd7 50. Nc6 Re6 51. Nd8 Re3+ 52. Kc2 Rxa3 53. bxc5
Re3 54. Nc6 Kg6 55. Nb4 a5 56. Nd5 Re5 57. Nf4+ Kf5 58. Nd3 Re4 59. Rc3 Rxh4
60. c6 Nb6 61. Rc5+ Ke4 62. Rxa5 Rh2+ 63. Kc3 Nd5+ 64. Kb3 Rh3 0-1

[Event "World Junior Chess Championship U18 b"]
[Site "Gaziantep"]
[Date "2008.08.12"]
[Round "10.18"]
[White "Kalashian, David"]
[Black "Iturrizaga, Bonelli Eduardo Pat"]
[Result "0-1"]
[WhiteElo "2432"]
[BlackElo "2561"]
[PlyCount "138"]
[EventDate "2008.08.??"]
[EventType "swiss"]
[EventRounds "13"]
[EventCountry "TUR"]

1. e4 c5 2. Nc3 Nc6 3. Nf3 g6 4. d4 cxd4 5. Nxd4 Bg7 6. Be3 Nf6 7. Bc4 O-O 8.
Bb3 Qa5 9. O-O d6 10. h3 Bd7 11. Re1 Rac8 12. Qd3 Ne5 13. Qe2 b5 14. a4 bxa4
15. Bxa4 Qb4 16. Bxd7 Nexd7 17. Ndb5 Nc5 18. Nxa7 Rc7 19. Ncb5 Rd7 20. f3 Nh5
21. g4 Ng3 22. Qg2 Qxb2 23. c3 Bxc3 24. Nxc3 Qxc3 25. Nb5 Qd3 26. Nd4 e5 27.
Rad1 Qc4 28. Qxg3 exd4 29. Rxd4 Qc3 30. Rdd1 Nd3 31. Re2 d5 32. e5 Nxe5 33. Kg2
Nc6 34. Bh6 Ra8 35. Qf4 Re7 36. Rxe7 Nxe7 37. Bg5 Ra2+ 38. Kg3 Nc6 39. Rb1 Qc5
40. Rf1 Qc2 41. Kh4 Qe2 42. Rc1 Ra4 43. Qe3 Qxe3 44. Bxe3 Rc4 45. Ra1 Kg7 46.
Kg3 Rc3 47. Bf4 f6 48. h4 h6 49. g5 fxg5 50. hxg5 h5 51. Rb1 Kf7 52. Rd1 Ke6
53. Kg2 Kf5 54. Bc1 Ne5 55. Rf1 Nd3 56. Be3 Nf4+ 57. Kf2 Rc2+ 58. Kg3 Ne2+ 59.
Kh4 d4 60. Bf2 d3 61. Be3 d2 62. Ra1 Rc1 63. Ra5+ Ke6 64. Ra6+ Kd5 65. Ra5+ Kc6
66. Ra6+ Kb5 67. Rb6+ Kc4 68. Rc6+ Kd5 69. Rxc1 dxc1=Q 0-1

[Event "World Junior Chess Championship U18 b"]
[Site "Gaziantep"]
[Date "2008.08.12"]
[Round "10.19"]
[White "Khamrakulov, Dzhurabek"]
[Black "Durarbeyli, Vasif"]
[Result "0-1"]
[WhiteElo "2554"]
[BlackElo "2413"]
[PlyCount "60"]
[EventDate "2008.08.??"]
[EventType "swiss"]
[EventRounds "13"]
[EventCountry "TUR"]

1. e4 c5 2. Nf3 d6 3. d4 cxd4 4. Nxd4 Nf6 5. Nc3 Nc6 6. Be2 g6 7. Be3 Bg7 8.
O-O O-O 9. Nb3 a5 10. a3 Ne5 11. f3 Be6 12. Nd4 Bc4 13. b3 Bxe2 14. Ndxe2 Rc8
15. Qd2 Qd7 16. a4 Nc6 17. Rac1 Qd8 18. Rfd1 Nd7 19. f4 Nb4 20. e5 Nc5 21. exd6
exd6 22. Bd4 Re8 23. Bxg7 Kxg7 24. Nb5 d5 25. Qd4+ Kg8 26. Nec3 Ne6 27. Qf2 Qf6
28. f5 Ng5 29. Nxd5 Nxd5 30. Rxd5 Nh3+ 0-1

[Event "World Junior Chess Championship U18 b"]
[Site "Gaziantep"]
[Date "2008.08.12"]
[Round "10.20"]
[White "Sjugirov, Sanan"]
[Black "Potapov, Pavel"]
[Result "1-0"]
[WhiteElo "2545"]
[BlackElo "2418"]
[PlyCount "103"]
[EventDate "2008.08.??"]
[EventType "swiss"]
[EventRounds "13"]
[EventCountry "TUR"]

1. e4 c5 2. Nf3 Nc6 3. Bb5 g6 4. O-O Bg7 5. Re1 Nf6 6. e5 Nd5 7. Nc3 Nc7 8.
Bxc6 dxc6 9. Ne4 Ne6 10. d3 O-O 11. Be3 b6 12. Qd2 f5 13. exf6 exf6 14. Bh6 a5
15. Bxg7 Kxg7 16. Ng3 Ra7 17. Re4 Raf7 18. Qc3 Kg8 19. Rae1 Nc7 20. Qd2 Nb5 21.
h4 Nd6 22. R4e2 Kg7 23. Qf4 Qc7 24. Nd2 h6 25. a4 g5 26. hxg5 hxg5 27. Qf3 Rh8
28. Nh5+ Kg6 29. Re7 Qd8 30. Rxf7 Nxf7 31. Ng3 Qd5 32. Re7 Qxf3 33. Nxf3 Rd8
34. Rc7 Bd7 35. Ne4 c4 36. dxc4 Bf5 37. Nc3 Rd6 38. Rb7 c5 39. Ne1 Be6 40. b3
Ne5 41. Kf1 Kf5 42. Ke2 g4 43. Nb5 Rc6 44. Nd3 Ng6 45. g3 Kg5 46. Nc3 Bc8 47.
Rb8 Be6 48. Ke3 f5 49. Nd5 Bxd5 50. cxd5 Rd6 51. c4 Kf6 52. Nf4 1-0

[Event "World Junior Chess Championship U18 b"]
[Site "Gaziantep"]
[Date "2008.08.12"]
[Round "10.21"]
[White "Leon Hoyos, Manuel"]
[Black "Narmontas, Matas"]
[Result "1/2-1/2"]
[WhiteElo "2543"]
[BlackElo "2369"]
[PlyCount "88"]
[EventDate "2008.08.??"]
[EventType "swiss"]
[EventRounds "13"]
[EventCountry "TUR"]

1. e4 c5 2. Nf3 e6 3. d4 cxd4 4. Nxd4 Qb6 5. Nc3 Bc5 6. Na4 Qa5+ 7. c3 Bxd4 8.
Qxd4 Nf6 9. Nc5 Nc6 10. Qd6 b6 11. Nb3 Nxe4 12. Qxc6 dxc6 13. Nxa5 bxa5 14. Be3
e5 15. Bc4 a4 16. a3 Nd6 17. Ba2 Ba6 18. O-O-O Bc4 19. Bb1 O-O-O 20. Bxa7 Bb3
21. Bb6 Bxd1 22. Bxd8 Bb3 23. Bh4 f6 24. Bg3 Nc4 25. Bd3 Rd8 26. Be2 Kb7 27.
Re1 g5 28. h4 h6 29. hxg5 hxg5 30. Rh1 Rd7 31. Bxc4 Bxc4 32. f3 Bb3 33. Bf2 Rd3
34. Re1 Kc7 35. Be3 Kd7 36. Bd2 Ke6 37. Rh1 Rd8 38. Be3 Kf5 39. Bd2 Rd6 40. Be3
e4 41. fxe4+ Kxe4 42. Bd4 Kf5 43. Rf1+ Kg6 44. g4 Bc4 1/2-1/2

[Event "World Junior Chess Championship U18 b"]
[Site "Gaziantep"]
[Date "2008.08.12"]
[Round "10.22"]
[White "Tomczak, Jacek"]
[Black "Ragger, Markus"]
[Result "0-1"]
[WhiteElo "2451"]
[BlackElo "2527"]
[PlyCount "134"]
[EventDate "2008.08.??"]
[EventType "swiss"]
[EventRounds "13"]
[EventCountry "TUR"]

1. e4 e5 2. Nf3 Nc6 3. d4 exd4 4. Nxd4 Nf6 5. Nxc6 bxc6 6. e5 Qe7 7. Qe2 Nd5 8.
c4 Ba6 9. b3 O-O-O 10. Bb2 Qg5 11. Nd2 Bb4 12. g3 Nc3 13. f4 Qg6 14. Bxc3 Bxc3
15. O-O-O d5 16. Qf3 Bb4 17. Bd3 Qe6 18. Qe2 Qe7 19. Nf3 Bb7 20. Kb1 Kb8 21.
Rhf1 d4 22. Be4 Bc3 23. Qf2 Rd7 24. Rd3 Rhd8 25. Rfd1 c5 26. Qe2 Bc8 27. h4 a5
28. a4 Qe6 29. f5 Qb6 30. Ka2 Re8 31. Qg2 Ka7 32. g4 Rde7 33. Qc2 Bb4 34. Rf1
c6 35. Qh2 f6 36. Qg2 Bc3 37. g5 Ba6 38. Rb1 Rb8 39. Rdd1 Qb4 40. Qe2 fxe5 41.
f6 gxf6 42. gxf6 Re6 43. f7 Re7 44. Rf1 Rf8 45. Bxh7 d3 46. Bxd3 Rexf7 47. Ng5
Rf4 48. Ne6 Rxf1 49. Rxf1 Rxf1 50. Qxf1 e4 51. Bxe4 Be5 52. Qc1 Bc8 53. Nd8 Bd7
54. Bxc6 Qb6 55. Bxd7 Qxd8 56. Qd2 Kb6 57. Qd5 Qf6 58. Qg2 Qd6 59. Qd5 Qf6 60.
Qg2 Qd6 61. Be8 Bf6 62. h5 Ka7 63. Bg6 Qd4 64. b4 axb4 65. Kb3 Qc3+ 66. Ka2 b3+
67. Ka3 Qb4# 0-1

[Event "World Junior Chess Championship U18 b"]
[Site "Gaziantep"]
[Date "2008.08.12"]
[Round "10.23"]
[White "Rombaldoni, Denis"]
[Black "Nechepurenko, Roman"]
[Result "1/2-1/2"]
[WhiteElo "2418"]
[BlackElo "2476"]
[PlyCount "89"]
[EventDate "2008.08.??"]
[EventType "swiss"]
[EventRounds "13"]
[EventCountry "TUR"]

1. d4 Nf6 2. c4 c5 3. d5 e5 4. Nc3 d6 5. e4 Be7 6. Nf3 O-O 7. h3 h6 8. Bd3 Nbd7
9. g4 Re8 10. g5 hxg5 11. Nxg5 Nf8 12. Rg1 N8h7 13. h4 g6 14. Be3 Kg7 15. Nxh7
Kxh7 16. Be2 Rh8 17. h5 Kg7 18. f4 Qb6 19. h6+ Rxh6 20. fxe5 Rh3 21. exf6+ Bxf6
22. Na4 Bh4+ 23. Bf2 Qb4+ 24. Kf1 Bxf2 25. a3 Rh2 26. axb4 Bh3+ 27. Rg2 Rxg2
28. Bf3 Rh2+ 29. Ke2 cxb4 30. Kd3 Bd7 31. Qd2 Rah8 32. Rf1 Bc5 33. Qd1 Bxa4 34.
Qxa4 Rxb2 35. Rh1 Rxh1 36. Bxh1 Rb1 37. Bf3 b3 38. Be2 Rg1 39. Qb5 Rg3+ 40. Kd2
Be3+ 41. Kc3 Bf4+ 42. Bd3 Be5+ 43. Kd2 Bf4+ 44. Kc3 Be5+ 45. Kd2 1/2-1/2

[Event "World Junior Chess Championship U18 b"]
[Site "Gaziantep"]
[Date "2008.08.12"]
[Round "10.24"]
[White "Sengupta, Deep"]
[Black "Lortkipanidze, Nodar"]
[Result "1-0"]
[WhiteElo "2454"]
[BlackElo "2080"]
[PlyCount "125"]
[EventDate "2008.08.??"]
[EventType "swiss"]
[EventRounds "13"]
[EventCountry "TUR"]

1. e4 c6 2. Nf3 d5 3. Nc3 Bg4 4. h3 Bxf3 5. Qxf3 e6 6. d3 Nd7 7. Bd2 Ngf6 8. g3
Bb4 9. a3 Ba5 10. b4 Bc7 11. Bg2 dxe4 12. Nxe4 Nxe4 13. Qxe4 Nf6 14. Qe2 O-O
15. O-O Qd4 16. c3 Qe5 17. Qxe5 Bxe5 18. a4 Nd5 19. Ra3 Rfd8 20. b5 Rab8 21. c4
Ne7 22. Bb4 Nf5 23. Rb1 Bd4 24. g4 c5 25. Ba5 b6 26. Bd2 Nd6 27. a5 f5 28. axb6
axb6 29. Bf4 h6 30. gxf5 e5 31. Bh2 Nxf5 32. Re1 Rf8 33. Bd5+ Kh8 34. Rxe5 Rbd8
35. Re2 Rf6 36. Ra8 Rxa8 37. Bxa8 Nh4 38. Kf1 Kg8 39. Bc6 Kf8 40. Be5 Bxe5 41.
Rxe5 Kf7 42. Rd5 Ng6 43. Rd7+ Kf8 44. Rd8+ Ke7 45. Re8+ Kd6 46. Rb8 Ke5 47.
Rxb6 Nf4 48. Rb8 Nxd3 49. f3 Kd4 50. Be4 Ne5 51. b6 Nxf3 52. b7 Kxe4 53. Re8+
Ne5+ 54. Ke2 Rb6 55. b8=Q Rxb8 56. Rxb8 Kd4 57. Rd8+ Kxc4 58. Ke3 g6 59. Rd6
Kc3 60. Ke4 Nf7 61. Rxg6 Ng5+ 62. Kd5 Nxh3 63. Rg3+ 1-0

[Event "World Junior Chess Championship U18 b"]
[Site "Gaziantep"]
[Date "2008.08.12"]
[Round "10.25"]
[White "Toufighi, Tamijani Homayoon"]
[Black "Pruijssers, Roeland"]
[Result "1-0"]
[WhiteElo "2425"]
[BlackElo "2452"]
[PlyCount "49"]
[EventDate "2008.08.??"]
[EventType "swiss"]
[EventRounds "13"]
[EventCountry "TUR"]

1. e4 e5 2. Nf3 Nc6 3. Bc4 Bc5 4. c3 Nf6 5. d3 a6 6. Nbd2 O-O 7. Bb3 Ba7 8. O-O
d6 9. h3 Ne7 10. Re1 Ng6 11. Nf1 h6 12. Ng3 b5 13. Be3 c5 14. Qd2 Be6 15. Bxh6
gxh6 16. Qxh6 Nf4 17. Ng5 Rc8 18. Re3 c4 19. Rf3 Re8 20. dxc4 Rxc4 21. Bxc4
bxc4 22. Rd1 Bc5 23. Rxf4 exf4 24. e5 Bxf2+ 25. Kf1 1-0

[Event "World Junior Chess Championship U18 b"]
[Site "Gaziantep"]
[Date "2008.08.12"]
[Round "10.26"]
[White "Swiercz, Dariusz"]
[Black "Abdulov, Orkhan"]
[Result "1-0"]
[WhiteElo "2456"]
[BlackElo "2318"]
[PlyCount "71"]
[EventDate "2008.08.??"]
[EventType "swiss"]
[EventRounds "13"]
[EventCountry "TUR"]

1. Nf3 c5 2. c4 Nc6 3. d4 cxd4 4. Nxd4 g6 5. e4 Bg7 6. Be3 Nf6 7. Nc3 Ng4 8.
Qxg4 Nxd4 9. Qd1 Ne6 10. Rc1 b6 11. Bd3 Bb7 12. O-O Rc8 13. b3 d6 14. Bb1 O-O
15. Qd2 Nc5 16. f3 Re8 17. Rfd1 Qd7 18. Bc2 Red8 19. Kh1 Ba8 20. a3 Qb7 21. b4
Nd7 22. Bb3 Ne5 23. Qa2 Kh8 24. Nd5 e6 25. Nf4 Qe7 26. Qd2 f5 27. exf5 gxf5 28.
Qf2 Bf6 29. c5 dxc5 30. bxc5 bxc5 31. Rxd8+ Rxd8 32. Bxc5 Qe8 33. Qe3 Qb5 34.
Nxe6 Rc8 35. Be7 Rxc1+ 36. Qxc1 1-0

[Event "World Junior Chess Championship U18 b"]
[Site "Gaziantep"]
[Date "2008.08.12"]
[Round "10.27"]
[White "Benidze, Davit"]
[Black "Baramidze, David"]
[Result "1/2-1/2"]
[WhiteElo "2389"]
[BlackElo "2593"]
[PlyCount "34"]
[EventDate "2008.08.??"]
[EventType "swiss"]
[EventRounds "13"]
[EventCountry "TUR"]

1. d4 d5 2. c4 c6 3. Nf3 Nf6 4. e3 a6 5. Nc3 b5 6. b3 Bg4 7. Be2 Bxf3 8. Bxf3
e6 9. O-O Nbd7 10. Qc2 Be7 11. e4 dxc4 12. bxc4 e5 13. Be3 O-O 14. d5 Qc7 15.
dxc6 Qxc6 16. cxb5 axb5 17. Rac1 Ba3 1/2-1/2

[Event "World Junior Chess Championship U18 b"]
[Site "Gaziantep"]
[Date "2008.08.12"]
[Round "10.28"]
[White "Pacher, Milan"]
[Black "Papadopoulos, Ioannis"]
[Result "1-0"]
[WhiteElo "2361"]
[BlackElo "2490"]
[PlyCount "93"]
[EventDate "2008.08.??"]
[EventType "swiss"]
[EventRounds "13"]
[EventCountry "TUR"]

1. e4 c5 2. Nf3 Nc6 3. d4 cxd4 4. Nxd4 Nf6 5. Nc3 e5 6. Ndb5 d6 7. Bg5 a6 8.
Na3 b5 9. Nd5 Be7 10. Bxf6 Bxf6 11. c3 O-O 12. Nc2 Bg5 13. a4 bxa4 14. Rxa4 a5
15. Bb5 Ne7 16. Ncb4 Bh3 17. Nxe7+ Qxe7 18. Bc6 Rac8 19. Rxa5 Bxg2 20. Rg1 Bh3
21. Bd5 Bh4 22. Qf3 Be6 23. Qe3 Kh8 24. Ra7 Rc7 25. Nc6 Rxa7 26. Nxe7 Ra1+ 27.
Ke2 Rxg1 28. Nf5 Bxf5 29. exf5 Rg4 30. b4 Rf4 31. f3 Rxf5 32. b5 e4 33. fxe4
Rf2+ 34. Kd3 Rxh2 35. b6 Rb2 36. b7 Bd8 37. Qh3 Kg8 38. Qd7 Bh4 39. c4 Bf6 40.
Bc6 h5 41. Bb5 d5 42. exd5 Be5 43. Qf5 Bd6 44. Qxh5 g6 45. Qh4 Rh2 46. Qf6 Bb4
47. Qe5 1-0

[Event "World Junior Chess Championship U18 b"]
[Site "Gaziantep"]
[Date "2008.08.12"]
[Round "10.29"]
[White "Vishnu, Prasanna Vasanthan"]
[Black "Georgescu, Tiberiu"]
[Result "1-0"]
[WhiteElo "2341"]
[BlackElo "2442"]
[PlyCount "69"]
[EventDate "2008.08.??"]
[EventType "swiss"]
[EventRounds "13"]
[EventCountry "TUR"]

1. e4 c5 2. Nf3 d6 3. d4 cxd4 4. Nxd4 Nf6 5. Nc3 g6 6. Be3 Bg7 7. f3 Nc6 8. Qd2
O-O 9. Bc4 Bd7 10. O-O-O Ne5 11. Bb3 Rb8 12. f4 Neg4 13. h3 Nxe3 14. Qxe3 e6
15. f5 exf5 16. exf5 b5 17. g4 b4 18. Nce2 Qe8 19. Qf3 Bh6+ 20. Kb1 Ne4 21. h4
Nd2+ 22. Rxd2 Bxd2 23. fxg6 hxg6 24. Qd3 Qe3 25. Qxg6+ Kh8 26. Qf6+ Kh7 27. g5
Qe4 28. Rd1 Qg6 29. Rxd2 Qxf6 30. gxf6 Kg6 31. Nf4+ Kxf6 32. Nd5+ Kg6 33. Rg2+
Kh6 34. Nf6 Be6 35. h5 1-0

[Event "World Junior Chess Championship U18 b"]
[Site "Gaziantep"]
[Date "2008.08.12"]
[Round "10.30"]
[White "Ashwin, Jayaram"]
[Black "Anton, Teodor"]
[Result "1-0"]
[WhiteElo "2436"]
[BlackElo "2353"]
[PlyCount "117"]
[EventDate "2008.08.??"]
[EventType "swiss"]
[EventRounds "13"]
[EventCountry "TUR"]

1. e4 e5 2. Nf3 Nc6 3. Bc4 Nf6 4. d3 Bc5 5. c3 d6 6. Bb3 a6 7. h3 O-O 8. Bg5 h6
9. Bh4 Ba7 10. Nbd2 Be6 11. g4 g5 12. Bg3 Qd7 13. Nc4 b5 14. Ne3 Bxe3 15. fxe3
Bxb3 16. axb3 Rfe8 17. O-O Kg7 18. c4 bxc4 19. bxc4 Ne7 20. Nxe5 dxe5 21. Bxe5
Neg8 22. Bc3 Qd6 23. Qf3 Rac8 24. Ra5 c5 25. d4 Rxe4 26. Qxe4 Nxe4 27. dxc5+
Qf6 28. Bxf6+ Ngxf6 29. Rf5 Rb8 30. c6 Rb6 31. c7 Rc6 32. c5 Rxc7 33. Rxa6 Rd7
34. b4 Rd1+ 35. Rf1 Rd2 36. Ra7 Rb2 37. c6 Rxb4 38. c7 Rc4 39. Rd1 Ne8 40. Ra4
Rxc7 41. Rxe4 Nf6 42. Red4 h5 43. Kg2 hxg4 44. hxg4 Rc2+ 45. Kg3 Re2 46. R1d3
Rc2 47. Ra3 Rc5 48. Rda4 Rc2 49. Kf3 Nd7 50. Ra5 Nc5 51. Ra2 Rc1 52. Ra1 Rc3
53. Rd1 Ne6 54. Rd7 Rc1 55. Rf5 Rf1+ 56. Ke4 Rxf5 57. Kxf5 Nf8 58. Rb7 Nh7 59.
e4 1-0